| 000 | 00472cam a2200205ua 4500 | ||
|---|---|---|---|
| 001 | 9037 | ||
| 005 | 20260515114422.0 | ||
| 008 | 150220n ii |||gr||||Z||||||asm | ||
| 020 | _a9789380454139 | ||
| 040 | _cMAIN | ||
| 041 | _aasm | ||
| 082 | _a294.5 | ||
| 100 |
_aDeka, P., _eAuthor. |
||
| 245 | 1 |
_aDharmar prantatwa _cBy P. Deka |
|
| 250 | _a1st. | ||
| 260 |
_aGuwahati: _bAank-bank, _c2010. |
||
| 300 | _a128p. | ||
| 653 | _aReligions ofIndic origin | ||
| 942 | _cBK | ||
| 999 |
_c8120 _d8120 |
||